Statistiques concernant Les Aventures de Tintin - Quiz

Cliquez ici pour prendre le quiz!

Statistiques générales

  • Ce quiz a été pris 229 fois
  • Le résultat moyen est 15 sur 22

Statistiques - réponses

IndiceRéponse% Correct
Son chien inséparable Milou
100%
Reporter et personnage principalTintin
99%
Marin grincheux Capitaine Haddock
98%
Professeur talentueux mais farfeluProfesseur Tournesol
98%
Les deux policiers maladroitsDupond - Dupont
97%
Cantatrice à la voix difficilement supportableBianca Castafiore
96%
Pays originaire du fameux reporterBelgique
85%
Pire ennemi du jeune reporter ( dont le nom est relativement
compliqué )
Rastapopoulos
83%
Abominable créature face à qui le personnage principal s'est retrouvé
nez à nez au beau milieu du Népal
Yéti
83%
Château emblématique des Aventures de TintinMoulinsart
82%
Nombre d'albums que compte la série
24
71%
Pays dans lequel se déroule la première aventureUnion Soviétique
71%
Général à la tête du San ThéodorosGénéral Alcazar
67%
Pays fictif des Balkans qui a fait l'objet d'une affaire
de sceptre volé...
Syldavie
62%
Fils capricieux et farceur d'un éminent émir originaire du KhemedAbdallah
56%
Momie Inca dont la sépulture a été dérobée par 7
chercheurs, qui l'ont amèrement regretté !
Rascar Capac
52%
L'opposant de ce dernierGénéral Tapioca
49%
Pierre qui était contenue dans le fétiche de l'Oreille CasséeDiamant
45%
Signification du terme "Coke" dans "Coke en Stock"Esclaves
39%
Marchand qui vend de tout ( vraiment de tout )Oliveira da Figueira
34%
Marin se livrant au trafic d'esclave et d'opiumAllan Thompson
30%
Pharaon dont le tombeau a servi de repaire à un
important réseau de trafiquants d'opium
Kih-Oskh
11%

Distribution des résultats

Percentile par nombre de réponses

% des personnes avec chaque résultat

Votre développement - résultats

Vous n’avez pas pris ce quiz